Liberia : Fourth Review Under the Three; Year Arrangement Under the Extended Credit Facility, Request for Modification of Performance Criteria, and Financing Assurances Review; Staff Report; Informational Annex; Press Release on the Executive Board Discussion; and Statement by the Executive Director for Liberia.

Political pressure for faster delivery of tangible economic results has mounted against a backdrop of slower-than-expected economic growth, job losses in some sectors, and delays in infrastructure provision. Macroeconomic performance weakened in 2009 owing to the global recession, but tentative sign...

Full description

Bibliographic Details
Corporate Author: International Monetary Fund
Format: Journal
Language:English
Published: Washington, D.C. : International Monetary Fund, 2010.
Series:IMF Staff Country Reports; Country Report ; No. 2010/199
Online Access:Full text available on IMF
LEADER 01932cas a2200241 a 4500
001 AALejournalIMF006580
008 230101c9999 xx r poo 0 0eng d
020 |c 5.00 USD 
020 |z 9781455202478 
022 |a 1934-7685 
040 |a BD-DhAAL  |c BD-DhAAL 
110 2 |a International Monetary Fund. 
245 1 0 |a Liberia :   |b Fourth Review Under the Three; Year Arrangement Under the Extended Credit Facility, Request for Modification of Performance Criteria, and Financing Assurances Review; Staff Report; Informational Annex; Press Release on the Executive Board Discussion; and Statement by the Executive Director for Liberia. 
264 1 |a Washington, D.C. :  |b International Monetary Fund,  |c 2010. 
300 |a 1 online resource (65 pages) 
490 1 |a IMF Staff Country Reports 
500 |a <strong>Off-Campus Access:</strong> No User ID or Password Required 
500 |a <strong>On-Campus Access:</strong> No User ID or Password Required 
506 |a Electronic access restricted to authorized BRAC University faculty, staff and students 
520 3 |a Political pressure for faster delivery of tangible economic results has mounted against a backdrop of slower-than-expected economic growth, job losses in some sectors, and delays in infrastructure provision. Macroeconomic performance weakened in 2009 owing to the global recession, but tentative signs of a turnaround have emerged. Banking sector capitalization improved, though profitability remains low. FY2010 budget execution is broadly on track despite resource shortfalls. Medium-term prospects are favorable based on foreign investment commitments and continued donor support for rebuilding infrastructure and institutions. 
538 |a Mode of access: Internet 
830 0 |a IMF Staff Country Reports; Country Report ;  |v No. 2010/199 
856 4 0 |z Full text available on IMF  |u http://elibrary.imf.org/view/journals/002/2010/199/002.2010.issue-199-en.xml  |z IMF e-Library